| 000 | 02137nam a22003617a 4500 | ||
|---|---|---|---|
| 003 | OSt | ||
| 005 | 20260513145104.0 | ||
| 008 | 260513b |||||||| |||| 00| 0 aze d | ||
| 040 |
_aAZ-XaKU _baze _cAZ-XaKU |
||
| 041 | 0 | _aaze | |
| 050 | 1 | 4 | _aMT50 .Se94 .C8178 2015 |
| 100 | 1 |
_aSeyidov, Tərlan, _d1943 - ; _emüəllif _cprofessor, sənətşünaslıq üzrə elmlər doktoru |
|
| 245 | 1 | 0 |
_aAzərbaycan ladlarının tədrisinə dair müntəxəbat _c/ Tərlan Seyidov _bI hissə: Azərbaycan xalq mahnı və rəqsləri |
| 264 |
_aBakı: _bŞərq-Qərb, _c2015. |
||
| 300 |
_a88 səhifə ; _bnotlar ; _c28.5 sm. |
||
| 336 |
_atext _btxt _2rdacontent |
||
| 337 |
_aunmediated _bn _2rdamedia |
||
| 338 |
_avolume _bnc _2rdacarrier |
||
| 504 | _aBiblioqrafiya: səh. 85 - 87 | ||
| 505 | 0 | _aRast -- Şur -- Segah -- Şüştər -- Çahargah -- Bayatı-şiraz -- Humayun | |
| 520 | _aDərs vəsaiti Azərbaycan Respublikasının Mədəniyyət və Turizm Nazirliyi tərəfindən nəşr olunan Fərhad Bədəlbəylinin və Tərlan Seyidovun tərib etdikləri "Üzeyir Hacıbəylinin elmi sistemi əsasında milli lad təfəkkürünün inkişafı Proqramı" ( Bakı, 2012) əsasında hazırlanıb. Şagirdlər üçün təqdim olunan çoxcildli dərs vəsaitində Azərbaycan xalq və professioanal muisiqi ilkdəfə lad cəhətdən sistemləşməyə məruz qalır: təhlil olunan və tədris üçün seçilən musiqi janrlarına aid nümunələr yeddi əsas milli lada uyğun səciyyələnib. Dərs vəsaiti Üzeyir Hacıbəyli adında Bakı Musiqi Akademiyasının elmi-eksperimental bazası olan Orta ixtisaslaşdırmış musiqi məktəb-studiyasında hazırlanıb. | ||
| 521 | _aMusiqi tədrisi müəssisələri üçün | ||
| 650 | 7 |
_2AZ-XaKU _aMusiqişünaslıq |
|
| 655 | _adərs vəsaiti | ||
| 700 | 1 |
_aBədəlbəyli, Fərhad, _eelmi redaktor |
|
| 700 | 1 |
_aHəsənova, Cəmilə, _eredaktor-tərtibçi |
|
| 700 | 1 |
_aMəlikov, Arif, _erəyçi |
|
| 700 | 1 |
_aZöhrabov, Ramiz, _erəyçi |
|
| 700 | 1 |
_aHəsənova, Cəmilə, _emüəllif |
|
| 700 | 1 |
_aİbrahimova, Aytən, _emüəllif |
|
| 942 | _cBOOK | ||
| 999 |
_c440 _d440 |
||